Oscar Best Picture Winners by Year of Release - Statistics

General Stats
  • This quiz has been taken 1,057 times
    90 since last reset
  • The average score is 52 of 98
Answer Stats
Year Best Picture % Correct
2022 Everything Everywhere All At Once
87%
2023 Oppenheimer
83%
2019 Parasite
83%
2016 Moonlight
81%
1972 The Godfather
81%
2024 Anora
79%
1974 The Godfather Part II
79%
1997 Titanic
79%
2025 One Battle After Another
77%
2020 Nomadland
75%
2003 The Lord of the Rings: The Return of the King
75%
1994 Forrest Gump
74%
2000 Gladiator
72%
2017 The Shape of Water
72%
2018 Green Book
70%
1993 Schindler's List
70%
2010 The King's Speech
70%
2015 Spotlight
68%
1999 American Beauty
66%
2012 Argo
66%
2014 Birdman or (The Unexpected Virtue of Ignorance)
66%
2005 Crash
66%
2006 The Departed
64%
1991 The Silence of the Lambs
64%
1943 Casablanca
62%
2021 CODA
62%
1939 Gone with the Wind
62%
1988 Rain Man
62%
2001 A Beautiful Mind
60%
2002 Chicago
60%
2007 No Country for Old Men
60%
1975 One Flew Over the Cuckoo's Nest
60%
1998 Shakespeare in Love
60%
2011 The Artist
60%
2013 12 Years a Slave
58%
2008 Slumdog Millionaire
58%
1990 Dances with Wolves
57%
1979 Kramer vs. Kramer
57%
2004 Million Dollar Baby
57%
1976 Rocky
57%
1959 Ben-Hur
55%
1982 Gandhi
55%
1948 Hamlet
55%
1957 The Bridge on the River Kwai
55%
2009 The Hurt Locker
55%
1984 Amadeus
53%
1995 Braveheart
53%
1977 Annie Hall
51%
1989 Driving Miss Daisy
51%
1962 Lawrence of Arabia
51%
1969 Midnight Cowboy
51%
1985 Out of Africa
51%
1986 Platoon
51%
1960 The Apartment
51%
1978 The Deer Hunter
51%
1996 The English Patient
51%
1992 Unforgiven
51%
1954 On the Waterfront
49%
1980 Ordinary People
49%
1971 The French Connection
49%
1987 The Last Emperor
49%
1965 The Sound of Music
49%
1930 All Quiet on the Western Front
47%
1981 Chariots of Fire
47%
1983 Terms of Endearment
47%
1973 The Sting
47%
1961 West Side Story
47%
1928 Wings
47%
1955 Marty
45%
1964 My Fair Lady
45%
1950 All About Eve
43%
1968 Oliver!
43%
1970 Patton
43%
1941 How Green Was My Valley
42%
1940 Rebecca
42%
1952 The Greatest Show on Earth
42%
1963 Tom Jones
42%
1958 Gigi
40%
1951 An American in Paris
38%
1956 Around the World in 80 Days
38%
1942 Mrs. Miniver
38%
1949 All the King's Men
36%
1931 Cimarron
36%
1967 In the Heat of the Night
36%
1929 The Broadway Melody
36%
1937 The Life of Emile Zola
36%
1966 A Man for All Seasons
34%
1953 From Here to Eternity
34%
1932 Grand Hotel
34%
1947 Gentleman's Agreement
32%
1934 It Happened One Night
32%
1935 Mutiny on the Bounty
32%
1946 The Best Years of Our Lives
32%
1945 The Lost Weekend
32%
1933 Cavalcade
30%
1936 The Great Ziegfeld
30%
1938 You Can't Take It with You
30%
1944 Going My Way
28%
No matching quizzes found
Score Distribution
Percent of People with Each Score
Percentile by Number Answered
Your Score History
You have not taken this quiz since the last reset